| 000 | 00530nam a2200181 a 4500 | ||
|---|---|---|---|
| 005 | 20140310183441.0 | ||
| 008 | 080521s19uu xx 00 eng d | ||
| 020 | _a9781890627775 | ||
| 050 |
_aRJ 496.S74 _b.C476 2008 |
||
| 245 |
_aChildren with spina bifida : _ba parents' guide / _cedited by Marlene Lutkenhoff. |
||
| 260 |
_aU.S.A : _bWoodbine House, _c2008. |
||
| 300 |
_a395 p. : _bill. ; _c22 cm. |
||
| 521 | _aEDU | ||
| 650 | _aSpina Bifida. | ||
| 650 | _aSpine abnormalities. | ||
| 942 |
_cBK _2lcc _kFOR |
||
| 999 |
_c23106 _d23106 |
||